000 00391nam a22001577a 4500
999 _c522578
_d522578
003 NUST
008 181116b ||||| |||| 00| 0 eng d
038 _aNusrat Nadeem
082 _a150.1986
_bSHA
100 _aShah, Qasim Ali
_912591
245 _aApni Talash /
_cQasim Ali Shah
260 _aLahore :
_bNai Soch,
_c2017.
300 _a176 p. ;
500 _aHardcover.
942 _2ddc
_cBK